Un mot, un sport - Statistiques

Statistiques générales
  • Ce quiz a été pris 320 fois
  • Le résultat moyen est 5 sur 8
Statistiques - réponses
Mot Sport % Correct
Uppercut boxe
98%
sabre escrime
93%
poutre gymnastique
92%
Transformation rugby
81%
Eperons équitation
48%
Tchaïkovski danse
32%
Waggle golf
20%
passeport escalade
6%
Aucun quiz correspondant
Distribution des résultats
% des personnes avec chaque résultat
Percentile par nombre de réponses
Votre historique - résultats
Vous n’avez pas pris ce quiz